000 00294nam a2200121Ia 4500
008 190216s9999||||xx |||||||||||||| ||und||
100 _aBhabatosh Banerjee
245 0 _aFinancial Policy And Management Accounting
260 _bPrentice Hall
300 _a830
650 _aCommerce
942 _cBK
999 _c7190
_d7190